| 000 | 00689cam a2200205 4500 | ||
|---|---|---|---|
| 001 | 4763 | ||
| 005 | 20181127174039.0 | ||
| 008 | 110414s2012 nyuab 001 0 eng | ||
| 010 | _a 2011015578 | ||
| 020 | _a9780073383255 (hard copy : alk. paper) | ||
| 020 | _a9789339221263 | ||
| 100 | 1 | _aCunningham, William P. | |
| 245 | 1 | 0 |
_aEnvironmental science : _ba global concern / _cWilliam P. Cunningham, Mary Ann Cunningham. |
| 250 | _a13th ed. | ||
| 260 |
_aNew Delhi : _bMcGraw-Hill Companies, Inc., _c2015. |
||
| 300 |
_axxvi, 613 p. : _bill. (some col.), col. maps ; _c30 cm. |
||
| 500 | _aIncludes index. | ||
| 650 | 0 |
_aEnvironmental sciences _vTextbooks. |
|
| 700 | 1 | _aCunningham, Mary Ann. | |
| 999 |
_c3951 _d3951 |
||